000 00426nam a2200181Ia 4500
001 21217
005 20260306172903.0
008 260306t2019||||xx |||||||||||||| ||spa||
041 _aESP
082 _a344.2
_bR47
100 _aReyna Alfaro, Luis Miguel
_eAUT
245 0 _aLa defensa del imputado
260 _c2019
300 _a318 páginas :
_c23 cm.
650 _aGEN
654 _aCDE
942 _cLIB
_dJUS
_fJUS
_2ddc
_n
999 _c21217
_d21217